[Event "CYCC U16 w"]
[Site "Vancouver CAN"]
[Date "2012.07.04"]
[Round "3"]
[White "Ding, Jill"]
[Black "Kalaydina, Regina Veronicka"]
[Result "0-1"]
[WhiteElo "1540"]
[BlackElo "1990"]
[PlyCount "110"]
[GameId "2160767909508991"]
[EventDate "2012.07.03"]
[EventType "tourn"]
[EventRounds "6"]
[EventCountry "CAN"]
[SourceTitle "EXT 2022"]
[Source "ChessBase"]
[SourceDate "2021.10.06"]
[SourceVersion "1"]
[SourceVersionDate "2021.10.06"]
[SourceQuality "1"]

1. e4 d5 2. exd5 Qxd5 3. Nc3 Qd6 4. Nf3 Nf6 5. g3 a6 6. Bg2 b5 7. O-O Bb7 8. d4 e6 9. Bf4 Qb6 10. Ne2 Bd6 11. Rb1 Nbd7 12. Re1 O-O 13. b3 b4 14. Bxd6 Qxd6 15. c4 bxc3 16. Nxc3 Nb6 17. Rc1 Rfd8 18. Qe2 Rac8 19. Red1 h6 20. Ne5 Bxg2 21. Kxg2 Nbd7 22. f4 c5 23. Nc4 Qc6+ 24. Kg1 cxd4 25. Rxd4 Qc5 26. Rcd1 Nb6 27. Qe5 Rxd4 28. Qxd4 Nxc4 29. bxc4 Qxc4 30. Qxc4 Rxc4 31. Rd3 Kf8 32. Kg2 Ke7 33. Kf3 Nd7 34. Ne4 Nc5 35. Nxc5 Rxc5 36. h3 Ra5 37. a3 Ra4 38. g4 Kf6 39. Kg3 Kg6 40. Kf3 h5 41. Ke3 f6 42. Kf3 hxg4+ 43. hxg4 e5 44. fxe5 fxe5 45. Re3 Kf6 46. Kg3 Ke6 47. Kf3 Kd5 48. Rd3+ Kc5 49. Re3 Rf4+ 50. Kg3 Kd4 51. Re1 Rf8 52. Kg2 e4 53. Rf1 Rxf1 54. Kxf1 Ke3 55. Ke1 g5 0-1

[Event "CYCC U16 w"]
[Site "Vancouver CAN"]
[Date "2012.07.04"]
[Round "3"]
[White "Xiao, Alice"]
[Black "Foote, Joanne"]
[Result "1-0"]
[WhiteElo "1821"]
[BlackElo "1526"]
[PlyCount "53"]
[GameId "2160767909508992"]
[EventDate "2012.07.03"]
[EventType "tourn"]
[EventRounds "6"]
[EventCountry "CAN"]
[SourceTitle "EXT 2022"]
[Source "ChessBase"]
[SourceDate "2021.10.06"]
[SourceVersion "1"]
[SourceVersionDate "2021.10.06"]
[SourceQuality "1"]

1. e4 c5 2. Nf3 d6 3. Bb5+ Bd7 4. Bxd7+ Nxd7 5. O-O Ngf6 6. Re1 e6 7. d4 cxd4 8. Nxd4 Be7 9. c4 O-O 10. Nc3 Nb6 11. b3 d5 12. cxd5 exd5 13. e5 Nfd7 14. Nf5 Bb4 15. Qg4 g6 16. Nh6+ Kg7 17. Qxb4 Nb8 18. Ng4 Kg8 19. Bh6 Nc6 20. Qf4 d4 21. Bxf8 Qxf8 22. Ne4 Nd5 23. Nef6+ Nxf6 24. Nxf6+ Kh8 25. Rad1 Qg7 26. Rd3 Rf8 27. Rh3 1-0

[Event "CYCC U16 w"]
[Site "Vancouver CAN"]
[Date "2012.07.04"]
[Round "4"]
[White "Ding, Jill"]
[Black "Xiao, Alice"]
[Result "1/2-1/2"]
[WhiteElo "1540"]
[BlackElo "1821"]
[PlyCount "130"]
[GameId "2160767909508993"]
[EventDate "2012.07.03"]
[EventType "tourn"]
[EventRounds "6"]
[EventCountry "CAN"]
[SourceTitle "EXT 2022"]
[Source "ChessBase"]
[SourceDate "2021.10.06"]
[SourceVersion "1"]
[SourceVersionDate "2021.10.06"]
[SourceQuality "1"]

1. e4 c5 2. c4 Nc6 3. Nc3 d6 4. g3 g6 5. Bg2 Bg7 6. Nge2 e6 7. d3 Nge7 8. O-O O-O 9. Be3 a6 10. Rb1 Nd4 11. a4 Nec6 12. b3 Rb8 13. Qd2 Re8 14. h4 h5 15. Bh6 Nxe2+ 16. Nxe2 Qe7 17. Bxg7 Kxg7 18. d4 e5 19. d5 Nb4 20. Nc3 Bd7 21. f4 exf4 22. Rxf4 Qe5 23. Rbf1 Rf8 24. Nd1 b5 25. axb5 axb5 26. Qc3 Qxc3 27. Nxc3 bxc4 28. bxc4 f6 29. Ra1 Nd3 30. Rff1 Ne5 31. Ra7 Rf7 32. Rfa1 Nxc4 33. Bf1 Nb6 34. Rc7 Bg4 35. Raa7 Rxc7 36. Rxc7+ Kh6 37. Rc6 Nc8 38. Ba6 Ra8 39. Bxc8 Bxc8 40. Rxd6 Ra3 41. Rc6 Rxc3 42. Rxc8 Rxg3+ 43. Kf2 Rd3 44. Rxc5 g5 45. Ke2 Rd4 46. Ke3 Rd1 47. Ke2 Rd4 48. Ke3 Rd1 49. Ke2 Ra1 50. hxg5+ fxg5 51. d6 Ra8 52. d7 Rd8 53. Rc6+ Kg7 54. Rd6 h4 55. Kf3 Kf7 56. Rd5 Kf6 57. Kg4 Ke7 58. Rxg5 Rxd7 59. Kxh4 Ke6 60. Kg4 Rd1 61. Kf3 Rf1+ 62. Ke2 Ra1 63. Ke3 Re1+ 64. Kf3 Rf1+ 65. Ke2 Ra1 1/2-1/2

[Event "CYCC U16 w"]
[Site "Vancouver CAN"]
[Date "2012.07.04"]
[Round "4"]
[White "Foote, Joanne"]
[Black "Kalaydina, Regina Veronicka"]
[Result "0-1"]
[WhiteElo "1526"]
[BlackElo "1990"]
[PlyCount "164"]
[GameId "2160767909508994"]
[EventDate "2012.07.03"]
[EventType "tourn"]
[EventRounds "6"]
[EventCountry "CAN"]
[SourceTitle "EXT 2022"]
[Source "ChessBase"]
[SourceDate "2021.10.06"]
[SourceVersion "1"]
[SourceVersionDate "2021.10.06"]
[SourceQuality "1"]

1. e4 c5 2. c3 d5 3. exd5 Qxd5 4. d4 Nc6 5. Nf3 Nf6 6. Be2 e6 7. O-O cxd4 8. cxd4 Be7 9. Nc3 Qd6 10. Re1 O-O 11. Nb5 Qb8 12. g3 Bd7 13. Bf4 Qd8 14. Nd6 Bc8 15. Nb5 Nd5 16. Bd2 Bf6 17. Bc3 a6 18. Na3 b5 19. Nc2 Bb7 20. Bf1 Rc8 21. Qd2 Nxc3 22. bxc3 Na5 23. Bg2 Qc7 24. Ne3 Qxc3 25. Qxc3 Rxc3 26. Rad1 Rd8 27. Ne5 Bxg2 28. Kxg2 g6 29. N3g4 Bg7 30. Ne3 Nb7 31. Nf3 Nd6 32. d5 e5 33. Ng4 e4 34. Nfe5 Rc2 35. Nc6 Re8 36. Nb4 Rb2 37. Nxa6 Rxa2 38. Nb4 Rb2 39. Nc6 Ra8 40. Rf1 h5 41. Ne3 Ra3 42. Rde1 Bh6 43. Kg1 Rd2 44. Nb4 Rb3 45. Nbc2 Rb2 46. Ra1 Nc4 47. Rae1 Nxe3 48. Nxe3 Bxe3 49. Rxe3 f5 50. Rc3 Rxd5 51. Rc6 Kg7 52. Rc7+ Kf6 53. Rc6+ Kf7 54. Rfc1 Rdd2 55. Rc7+ Kf6 56. R7c6+ Kg5 57. h4+ Kh6 58. Rc8 Rd7 59. R8c6 Rbd2 60. Kf1 Rd1+ 61. Rxd1 Rxd1+ 62. Ke2 Rb1 63. Rc7 b4 64. Rb7 b3 65. Ke3 Rb2 66. Rb8 Kg7 67. Rb7+ Kf6 68. Rb6+ Ke5 69. Rxg6 Rc2 70. Rb6 Rc3+ 71. Kd2 Rf3 72. Ke2 Kd4 73. Rb8 Kc3 74. Rc8+ Kb2 75. Rb8 Rc3 76. Kd1 Kb1 77. Kd2 Rd3+ 78. Ke2 b2 79. Rc8 Ka2 80. Rc2 Kb3 81. Rc6 b1=Q 82. Rb6+ Kc2 0-1

[Event "CYCC U16 w"]
[Site "Vancouver CAN"]
[Date "2012.07.05"]
[Round "5"]
[White "Xiao, Alice"]
[Black "Kalaydina, Regina Veronicka"]
[Result "0-1"]
[WhiteElo "1821"]
[BlackElo "1990"]
[PlyCount "150"]
[GameId "2160767909508995"]
[EventDate "2012.07.03"]
[EventType "tourn"]
[EventRounds "6"]
[EventCountry "CAN"]
[SourceTitle "EXT 2022"]
[Source "ChessBase"]
[SourceDate "2021.10.06"]
[SourceVersion "1"]
[SourceVersionDate "2021.10.06"]
[SourceQuality "1"]

1. e4 c5 2. Nf3 e6 3. c4 Nc6 4. Nc3 d6 5. d4 cxd4 6. Nxd4 Nf6 7. Be3 Be7 8. Be2 O-O 9. O-O a6 10. Kh1 Qc7 11. f4 Rb8 12. Rc1 Bd7 13. a3 Nxd4 14. Bxd4 Bc6 15. Bf3 Rfd8 16. Na4 b6 17. Nc3 Qb7 18. Qe2 e5 19. fxe5 Nd7 20. exd6 Bxd6 21. Nd5 Re8 22. Qd2 Ne5 23. Bh5 Ng6 24. Rce1 b5 25. c5 Bxd5 26. exd5 Rxe1 27. Rxe1 Bf4 28. Qf2 Bg5 29. Bxg6 hxg6 30. Qg3 Bf6 31. Bxf6 gxf6 32. b4 Rd8 33. d6 Qd5 34. Qf3 Qd2 35. Rd1 Qc2 36. Qd5 Kg7 37. c6 g5 38. Qd3 Qxc6 39. Qd4 Qc4 40. Qc5 Qe2 41. Rc1 Qd2 42. Rf1 Qxd6 43. Qc3 Qe5 44. Qf3 Rd6 45. h3 Qd5 46. Qc3 Qd3 47. Qa1 Re6 48. Rf3 Qd2 49. Rf1 Qe3 50. Kh2 Qe5+ 51. Kg1 Qxa1 52. Rxa1 Re3 53. Kf2 Rb3 54. g3 f5 55. Kg2 Kf6 56. Ra2 Kg6 57. Kh2 g4 58. hxg4 fxg4 59. Kg2 f5 60. Kf2 Kf6 61. Kg2 Ke5 62. Kf2 Kd4 63. Rd2+ Kc3 64. Rd5 Rxa3 65. Rxf5 Kxb4 66. Rf4+ Kc3 67. Rxg4 b4 68. Rg8 b3 69. Rc8+ Kb2 70. g4 Ka2 71. Rb8 b2 72. g5 Rb3 73. Rxb3 Kxb3 74. g6 b1=Q 75. g7 Qh7 0-1

[Event "CYCC U16 w"]
[Site "Vancouver CAN"]
[Date "2012.07.05"]
[Round "6"]
[White "Foote, Joanne"]
[Black "Xiao, Alice"]
[Result "1-0"]
[WhiteElo "1526"]
[BlackElo "1821"]
[PlyCount "109"]
[GameId "2160767909508996"]
[EventDate "2012.07.03"]
[EventType "tourn"]
[EventRounds "6"]
[EventCountry "CAN"]
[SourceTitle "EXT 2022"]
[Source "ChessBase"]
[SourceDate "2021.10.06"]
[SourceVersion "1"]
[SourceVersionDate "2021.10.06"]
[SourceQuality "1"]

1. e4 c5 2. c3 d5 3. exd5 Qxd5 4. d4 Nc6 5. Nf3 Bg4 6. Be2 cxd4 7. cxd4 e6 8. Nc3 Qd8 9. Be3 Nf6 10. O-O Be7 11. Rc1 O-O 12. a3 Nd5 13. Qd2 Nxe3 14. fxe3 Rc8 15. Ne4 Bf5 16. Nc5 Na5 17. Rc3 Bxc5 18. dxc5 Qxd2 19. Nxd2 Rfd8 20. Rd1 Nc6 21. Nc4 Rxd1+ 22. Bxd1 Bg6 23. Bf3 e5 24. b4 a6 25. Bxc6 bxc6 26. Nxe5 Be4 27. Rc4 Bd5 28. Rd4 f6 29. Nd7 Bb3 30. Nb6 Rc7 31. Rd8+ Kf7 32. Ra8 Re7 33. Kf2 a5 34. Rxa5 Ke6 35. Ra8 Kf5 36. a4 Re4 37. a5 Rxb4 38. a6 Kg4 39. a7 Bc4 40. h3+ Kh4 41. Nxc4 Rxc4 42. Rc8 Rc2+ 43. Kf3 Ra2 44. a8=Q Rxa8 45. Rxa8 f5 46. Ra4+ Kh5 47. Ra6 Kh4 48. Rxc6 h5 49. Ra6 g5 50. c6 g4+ 51. hxg4 fxg4+ 52. Kf2 g3+ 53. Ke2 Kg4 54. c7 Kh4 55. c8=Q 1-0

[Event "CYCC U16 w"]
[Site "Vancouver CAN"]
[Date "2012.07.05"]
[Round "6"]
[White "Kalaydina, Regina Veronicka"]
[Black "Ding, Jill"]
[Result "1-0"]
[WhiteElo "1990"]
[BlackElo "1540"]
[PlyCount "109"]
[GameId "2160767909508997"]
[EventDate "2012.07.03"]
[EventType "tourn"]
[EventRounds "6"]
[EventCountry "CAN"]
[SourceTitle "EXT 2022"]
[Source "ChessBase"]
[SourceDate "2021.10.06"]
[SourceVersion "1"]
[SourceVersionDate "2021.10.06"]
[SourceQuality "1"]

1. d4 f5 2. Nc3 Nf6 3. Bg5 d5 4. Bxf6 exf6 5. e3 c6 6. Bd3 Be6 7. Qf3 g6 8. Nge2 Nd7 9. h4 h5 10. Nf4 Bf7 11. a3 a5 12. Qd1 a4 13. Nce2 Bd6 14. Qc1 Qa5+ 15. Kf1 Nf8 16. c4 Ne6 17. Nxe6 Bxe6 18. cxd5 Bxd5 19. Bc4 Kf8 20. Bxd5 Qxd5 21. Qc2 Kg7 22. Rc1 Rhe8 23. Qc4 Qxc4 24. Rxc4 Rec8 25. g3 Kf7 26. Kg2 c5 27. dxc5 Rxc5 28. Rxc5 Bxc5 29. Rc1 Bd6 30. Nd4 Rb8 31. Nb5 Be5 32. Rc2 Rd8 33. f4 Bb8 34. Nd4 Rd5 35. Rc8 Bd6 36. Ra8 b5 37. Ra7+ Kg8 38. Rd7 Kf8 39. Kf3 Ke8 40. Rb7 Be7 41. Ke2 Rc5 42. Rxb5 Rxb5 43. Nxb5 Kd7 44. Kd3 Kc6 45. Nc3 g5 46. Nxa4 Kd5 47. Nc3+ Kc6 48. b4 gxh4 49. gxh4 Bd6 50. Kc4 Kb7 51. Nd5 Bb8 52. Nxf6 Ba7 53. Kd3 Bb6 54. Nxh5 Bd8 55. Ng7 1-0

[Event "CYCC U16 w"]
[Site "Vancouver CAN"]
[Date "2012.07.05"]
[Round "7"]
[White "Ding, Jill"]
[Black "Foote, Joanne"]
[Result "0-1"]
[WhiteElo "1540"]
[BlackElo "1526"]
[PlyCount "84"]
[GameId "2160767909508998"]
[EventDate "2012.07.03"]
[EventType "tourn"]
[EventRounds "6"]
[EventCountry "CAN"]
[SourceTitle "EXT 2022"]
[Source "ChessBase"]
[SourceDate "2021.10.06"]
[SourceVersion "1"]
[SourceVersionDate "2021.10.06"]
[SourceQuality "1"]

1. e4 c5 2. c4 Nc6 3. Nc3 e6 4. g3 g6 5. Bg2 Bg7 6. Nge2 Nge7 7. O-O O-O 8. d3 d6 9. Be3 e5 10. Rb1 a6 11. f4 Nd4 12. a4 Nec6 13. h3 Be6 14. g4 exf4 15. Nxf4 Nb4 16. Nce2 Nbc2 17. Bd2 Qb6 18. Nxd4 Bxd4+ 19. Kh1 Ne3 20. Bxe3 Bxe3 21. Qe2 Bd4 22. h4 Qd8 23. g5 Bd7 24. b3 h6 25. Bh3 hxg5 26. hxg5 Bxh3 27. Nxh3 Kg7 28. Kg2 Rh8 29. Rh1 Qe7 30. Rbf1 Rh5 31. Qg4 Rah8 32. Rf3 Be5 33. Rf2 Rh4 34. Qe2 Rxh3 35. Rxf7+ Qxf7 36. Rxh3 Rxh3 37. Kxh3 Qf4 38. Qg4 Qxg4+ 39. Kxg4 Kf7 40. Kf3 Ke6 41. Ke3 Kd7 42. Kf3 Kc7 0-1

[Event "CYCC U18"]
[Site "Vancouver CAN"]
[Date "2012.07.03"]
[Round "1"]
[White "Blium, Benjamin"]
[Black "Pouliot, Marc-Andre"]
[Result "1-0"]
[WhiteElo "1712"]
[BlackElo "741"]
[PlyCount "49"]
[GameId "2160767909508999"]
[EventDate "2012.07.03"]
[EventType "tourn"]
[EventRounds "7"]
[EventCountry "CAN"]
[SourceTitle "hb 2012"]

1. e4 e5 2. Nf3 Nc6 3. Bc4 Qe7 4. Nc3 Nf6 5. d3 d6 6. h3 Be6 7. Bb3 O-O-O 8. Be3 g6 9. Qd2 Ng8 10. O-O-O h6 11. Nd5 Qd7 12. d4 f6 13. Ba4 h5 14. Nb4 Re8 15. d5 Bxd5 16. exd5 Qf7 17. dxc6 bxc6 18. Bxc6 Re7 19. Bd5 Qe8 20. Nc6 Kd7 21. Nxa7 Qc8 22. Nxc8 Kxc8 23. Bc6 Bh6 24. Bxh6 Nxh6 25. Qa5 1-0

[Event "CYCC U18"]
[Site "Vancouver CAN"]
[Date "2012.07.03"]
[Round "1"]
[White "Cheng, Jack"]
[Black "Venables, Darren"]
[Result "1-0"]
[WhiteElo "1980"]
[BlackElo "1234"]
[PlyCount "37"]
[GameId "2160767909509000"]
[EventDate "2012.07.03"]
[EventType "tourn"]
[EventRounds "7"]
[EventCountry "CAN"]
[SourceTitle "EXT 2022"]
[Source "ChessBase"]
[SourceDate "2021.10.06"]
[SourceVersion "1"]
[SourceVersionDate "2021.10.06"]
[SourceQuality "1"]

1. e4 e5 2. Bc4 Nc6 3. Nc3 Nf6 4. d3 Bc5 5. Nf3 d6 6. h3 Be6 7. Bb3 Qd7 8. Be3 Bb6 9. Qd2 h6 10. O-O-O O-O 11. g4 Bxb3 12. axb3 d5 13. g5 Bxe3 14. fxe3 hxg5 15. exd5 Nxd5 16. Nxg5 Nxc3 17. Qxc3 f6 18. Qc4+ Kh8 19. Qh4+ 1-0

[Event "CYCC U18"]
[Site "Vancouver CAN"]
[Date "2012.07.03"]
[Round "1"]
[White "Lee, Melissa"]
[Black "Calugar, Arthur"]
[Result "0-1"]
[WhiteElo "1586"]
[BlackElo "2271"]
[PlyCount "54"]
[GameId "2160767909509001"]
[EventDate "2012.07.03"]
[EventType "tourn"]
[EventRounds "7"]
[EventCountry "CAN"]
[SourceTitle "EXT 2022"]
[Source "ChessBase"]
[SourceDate "2021.10.06"]
[SourceVersion "1"]
[SourceVersionDate "2021.10.06"]
[SourceQuality "1"]

1. e4 c5 2. Nf3 e6 3. d4 cxd4 4. Nxd4 Nc6 5. Nc3 Qc7 6. Be3 a6 7. Be2 Nf6 8. Qd2 Bb4 9. f3 d5 10. Bd3 Nxd4 11. Bxd4 e5 12. a3 exd4 13. axb4 dxc3 14. bxc3 dxe4 15. Bxe4 Nxe4 16. fxe4 O-O 17. O-O Be6 18. Qe3 Rac8 19. Ra3 Qe5 20. Re1 Rc4 21. Qd3 f5 22. Ra5 Qxc3 23. Qxc3 Rxc3 24. exf5 Bxf5 25. Rae5 Rxc2 26. Re7 b6 27. Ra7 Be4 0-1

[Event "CYCC U18"]
[Site "Vancouver CAN"]
[Date "2012.07.03"]
[Round "1"]
[White "Zheng, Timothy"]
[Black "Botez, Alexandra"]
[Result "0-1"]
[WhiteElo "1431"]
[BlackElo "2028"]
[PlyCount "43"]
[GameId "2160767909509002"]
[EventDate "2012.07.03"]
[EventType "tourn"]
[EventRounds "7"]
[EventCountry "CAN"]
[SourceTitle "EXT 2022"]
[Source "ChessBase"]
[SourceDate "2021.10.06"]
[SourceVersion "1"]
[SourceVersionDate "2021.10.06"]
[SourceQuality "1"]

1. d4 Nf6 2. Nc3 d5 3. e3 g6 4. g3 Bg7 5. h3 O-O 6. Bg2 c6 7. e4 dxe4 8. Nxe4 Nxe4 9. Bxe4 Bxd4 10. Qe2 Bg7 11. Nf3 Na6 12. c3 Nc5 13. Bc2 e5 14. Be3 b6 15. Bxc5 bxc5 16. Rd1 Qb6 17. Bb1 h6 18. Nxe5 Bxe5 19. Qxe5 Ba6 20. Qf6 Rfe8+ 21. Kd2 c4 22. Kc2 0-1

[Event "CYCC U18"]
[Site "Vancouver CAN"]
[Date "2012.07.03"]
[Round "2"]
[White "Botez, Alexandra"]
[Black "Blium, Benjamin"]
[Result "1-0"]
[WhiteElo "2021"]
[BlackElo "1712"]
[PlyCount "162"]
[GameId "2160767909509003"]
[EventDate "2012.07.03"]
[EventType "tourn"]
[EventRounds "7"]
[EventCountry "CAN"]
[SourceTitle "EXT 2022"]
[Source "ChessBase"]
[SourceDate "2021.10.06"]
[SourceVersion "1"]
[SourceVersionDate "2021.10.06"]
[SourceQuality "1"]

1. d4 d5 2. c4 Nc6 3. e3 e5 4. Nf3 Bg4 5. cxd5 Qxd5 6. Nc3 Bb4 7. a3 Bxc3+ 8. bxc3 e4 9. c4 Qh5 10. Be2 exf3 11. gxf3 Bd7 12. e4 f6 13. d5 Na5 14. c5 Qe5 15. Bd2 Nb3 16. Rb1 Nxc5 17. Qc1 b6 18. Bf4 Qd4 19. O-O Nd3 20. Qxc7 Nxf4 21. Qxf4 Qe5 22. Qe3 Qg5+ 23. Qxg5 fxg5 24. e5 Ne7 25. e6 Ba4 26. d6 Nf5 27. Rb4 b5 28. Bxb5+ Bxb5 29. Rxb5 Nxd6 30. Rxg5 O-O 31. Rd1 Nf5 32. Rg4 Rae8 33. Rd7 Re7 34. Rxe7 Nxe7 35. Ra4 Ra8 36. Kg2 g6 37. Ra6 Kg7 38. f4 Kf6 39. h3 Nd5 40. Kf3 Nc7 41. Rd6 Nxe6 42. Rd7 h5 43. h4 a5 44. Rd5 a4 45. Ke4 Rc8 46. Rd6 Rc5 47. Ra6 Rf5 48. Ke3 Rb5 49. Rxa4 Nc5 50. Ra8 Ne6 51. f3 Rb6 52. Ra5 Ng7 53. Ke4 Nf5 54. Ra8 Nxh4 55. Kd5 Nxf3 56. a4 h4 57. a5 Rb1 58. Ke4 Nd2+ 59. Ke3 Nc4+ 60. Kf3 Rb3+ 61. Kg4 h3 62. Ra6+ Kf7 63. Ra7+ Ke6 64. a6 Ra3 65. Rc7 Nd6 66. Rh7 Ne4 67. f5+ gxf5+ 68. Kf4 Nf6 69. Rh6 Ra4+ 70. Kg3 Rxa6 71. Kxh3 Ke5 72. Kg2 Ra3 73. Rh8 Kf4 74. Rb8 Ne4 75. Rb2 Kg4 76. Re2 Rg3+ 77. Kh2 Rd3 78. Rg2+ Kf3 79. Kh3 Nf2+ 80. Kh2 f4 81. Rg1 Rd8 1-0

[Event "CYCC U18"]
[Site "Vancouver CAN"]
[Date "2012.07.03"]
[Round "2"]
[White "Calugar, Arthur"]
[Black "Cheng, Jack"]
[Result "1-0"]
[WhiteElo "2271"]
[BlackElo "1980"]
[PlyCount "39"]
[GameId "2160767909509004"]
[EventDate "2012.07.03"]
[EventType "tourn"]
[EventRounds "7"]
[EventCountry "CAN"]
[SourceTitle "EXT 2022"]
[Source "ChessBase"]
[SourceDate "2021.10.06"]
[SourceVersion "1"]
[SourceVersionDate "2021.10.06"]
[SourceQuality "1"]

1. b3 Nf6 2. Bb2 g6 3. g3 Bg7 4. Bg2 O-O 5. Nf3 d6 6. d4 e5 7. dxe5 Ng4 8. Nc3 Nxe5 9. Qd2 Nbc6 10. O-O-O a5 11. h4 Qf6 12. Nd5 Qd8 13. h5 Bf5 14. hxg6 Bxg6 15. Nh4 f5 16. Nxg6 hxg6 17. Nf4 Re8 18. Qd5+ Nf7 19. Bxg7 Kxg7 20. Rh7+ 1-0

[Event "CYCC U18"]
[Site "Vancouver CAN"]
[Date "2012.07.03"]
[Round "2"]
[White "Pouliot, Marc-Andre"]
[Black "Zheng, Timothy"]
[Result "0-1"]
[WhiteElo "741"]
[BlackElo "1431"]
[PlyCount "58"]
[GameId "2160767909509005"]
[EventDate "2012.07.03"]
[EventType "tourn"]
[EventRounds "7"]
[EventCountry "CAN"]
[SourceTitle "EXT 2022"]
[Source "ChessBase"]
[SourceDate "2021.10.06"]
[SourceVersion "1"]
[SourceVersionDate "2021.10.06"]
[SourceQuality "1"]

1. b3 d5 2. Bb2 Nf6 3. e3 g6 4. d4 Bg7 5. Nd2 Ne4 6. Nxe4 dxe4 7. Qe2 Bd7 8. O-O-O Nc6 9. f3 f5 10. Qc4 e6 11. Ba3 Qg5 12. Kb2 Qxe3 13. c3 O-O-O 14. Bc5 Qg5 15. Qa4 b6 16. Ba6+ Kb8 17. Nh3 Qxg2+ 18. Ka3 Qxh3 19. Bxb6 cxb6 20. d5 exd5 21. Rxd5 Bf8+ 22. b4 Qxf3 23. Rc1 Bxb4+ 24. Kb3 Na5+ 25. Kb2 Bxa4 26. Rxd8+ Rxd8 27. cxb4 Qf2+ 28. Kb1 Rd1 29. bxa5 Rxc1+ 0-1

[Event "CYCC U18"]
[Site "Vancouver CAN"]
[Date "2012.07.03"]
[Round "2"]
[White "Venables, Darren"]
[Black "Lee, Melissa"]
[Result "1/2-1/2"]
[WhiteElo "1191"]
[BlackElo "1586"]
[PlyCount "55"]
[GameId "2160767909509006"]
[EventDate "2012.07.03"]
[EventType "tourn"]
[EventRounds "7"]
[EventCountry "CAN"]
[SourceTitle "hb 2012"]

1. e4 c5 2. c3 d6 3. d4 cxd4 4. cxd4 Nf6 5. Nc3 g6 6. f4 Bg7 7. Nf3 Nc6 8. Bc4 O-O 9. O-O Na5 10. Be2 b6 11. e5 dxe5 12. fxe5 Nd5 13. Nxd5 Qxd5 14. Be3 Bb7 15. Qd2 Nc4 16. Bxc4 Qxc4 17. b3 Qd5 18. Rac1 Rac8 19. Rc2 Rxc2 20. Qxc2 Rc8 21. Qd2 h6 22. Bxh6 Bxh6 23. Qxh6 Rc2 24. Qg5 Qe4 25. Re1 Qd3 26. Qxe7 Bxf3 27. Qd8+ Kh7 28. gxf3 1/2-1/2

[Event "CYCC U18"]
[Site "Vancouver CAN"]
[Date "2012.07.04"]
[Round "3"]
[White "Blium, Benjamin"]
[Black "Calugar, Arthur"]
[Result "0-1"]
[WhiteElo "1712"]
[BlackElo "2404"]
[PlyCount "90"]
[GameId "2160767909509007"]
[EventDate "2012.07.03"]
[EventType "tourn"]
[EventRounds "7"]
[EventCountry "CAN"]
[SourceTitle "EXT 2022"]
[Source "ChessBase"]
[SourceDate "2021.10.06"]
[SourceVersion "1"]
[SourceVersionDate "2021.10.06"]
[SourceQuality "1"]

1. e4 e6 2. Nc3 c5 3. Nf3 Nc6 4. Bb5 Nge7 5. O-O a6 6. Bxc6 Nxc6 7. d4 cxd4 8. Nxd4 Qc7 9. Be3 b5 10. Nxc6 Qxc6 11. f3 Bb7 12. Kh1 Rc8 13. Rc1 b4 14. Ne2 Qa4 15. c3 Qxa2 16. cxb4 Bc6 17. b3 Bxb4 18. Ra1 Qb2 19. Bd4 Qd2 20. Qxd2 Bxd2 21. Bxg7 Rg8 22. Rfd1 Rxg7 23. Rxd2 Bb7 24. Rad1 Rc7 25. Ng3 Rg5 26. Kg1 Bc6 27. Ne2 f5 28. exf5 Bxf3 29. g3 Rxf5 30. Rf1 Be4 31. Re1 Rfc5 32. Nf4 Rc1 33. Rde2 Rxe1+ 34. Rxe1 Bc2 35. Nd5 Rb7 36. Re2 Bd3 37. Re3 Rxb3 38. Kf2 a5 39. Nf4 Rb2+ 40. Kf3 Bb5 41. h4 a4 42. Kg4 Rb3 43. Re1 a3 44. Rg1 Bc4 45. Rc1 a2 0-1

[Event "CYCC U18"]
[Site "Vancouver CAN"]
[Date "2012.07.04"]
[Round "3"]
[White "Cheng, Jack"]
[Black "Botez, Alexandra"]
[Result "1-0"]
[WhiteElo "2158"]
[BlackElo "2028"]
[PlyCount "91"]
[GameId "2160767909509008"]
[EventDate "2012.07.03"]
[EventType "tourn"]
[EventRounds "7"]
[EventCountry "CAN"]
[SourceTitle "EXT 2022"]
[Source "ChessBase"]
[SourceDate "2021.10.06"]
[SourceVersion "1"]
[SourceVersionDate "2021.10.06"]
[SourceQuality "1"]

1. e4 e6 2. d4 d5 3. e5 c5 4. c3 Nc6 5. Nf3 Qb6 6. Be2 cxd4 7. cxd4 Nge7 8. Na3 Nf5 9. Nc2 Bb4+ 10. Kf1 Be7 11. Rb1 Bd7 12. b4 a5 13. b5 Nb4 14. g4 Nh6 15. Bxh6 gxh6 16. a4 Rg8 17. h3 Rc8 18. Nxb4 Bxb4 19. Rc1 Qd8 20. Bd3 Rg7 21. Rc2 Be7 22. Qd2 Rxc2 23. Qxc2 h5 24. gxh5 h6 25. Qd2 Bg5 26. Qc3 Bf4 27. Rg1 Rxg1+ 28. Kxg1 b6 29. Qa3 Qe7 30. Qc3 Kd8 31. Bc2 Be8 32. Qd3 Qf8 33. Qh7 Qe7 34. Qg7 Qa3 35. Qf6+ Kd7 36. Qxf4 Qc3 37. Bd1 Qd3 38. Qd2 Qh7 39. Bc2 Qg7+ 40. Kf1 Qf8 41. Qc3 Kd8 42. Nh2 f6 43. exf6 Qxf6 44. Ng4 Qg5 45. Qe3 Qxh5 46. Qxh6 1-0

[Event "CYCC U18"]
[Site "Vancouver CAN"]
[Date "2012.07.04"]
[Round "3"]
[White "Pouliot, Marc-Andre"]
[Black "Venables, Darren"]
[Result "0-1"]
[WhiteElo "741"]
[BlackElo "1191"]
[PlyCount "98"]
[GameId "2160767909509009"]
[EventDate "2012.07.03"]
[EventType "tourn"]
[EventRounds "7"]
[EventCountry "CAN"]
[SourceTitle "EXT 2022"]
[Source "ChessBase"]
[SourceDate "2021.10.06"]
[SourceVersion "1"]
[SourceVersionDate "2021.10.06"]
[SourceQuality "1"]

1. d4 f5 2. Nf3 e6 3. Bg5 Be7 4. h4 d5 5. Nc3 Nf6 6. e3 c5 7. Qd2 Ne4 8. Nxe4 fxe4 9. Ne5 Bxg5 10. hxg5 Qxg5 11. f3 exf3 12. Nxf3 Qe7 13. Bd3 h6 14. Bg6+ Kd8 15. O-O-O Nc6 16. Rh5 Kc7 17. g4 Bd7 18. g5 hxg5 19. Rdh1 Rxh5 20. Rxh5 Be8 21. Bxe8 Rxe8 22. Nxg5 Rf8 23. b3 cxd4 24. exd4 Qa3+ 25. Kd1 Rf1+ 26. Ke2 Qa6+ 27. Qd3 Qxd3+ 28. cxd3 Ra1 29. Rh7 Rxa2+ 30. Ke3 b5 31. Rxg7+ Kb6 32. Nxe6 a5 33. Nc5 a4 34. Rb7+ Ka5 35. Rd7 a3 36. Rxd5 Re2+ 37. Kxe2 a2 38. Rd8 Nxd8 39. d5 a1=Q 40. d6 Qe5+ 41. Kd2 Qxc5 42. d7 Qd4 43. Kc2 Kb4 44. Kd2 Kxb3 45. Ke1 Qb2 46. d4 Kc3 47. d5 Kd3 48. Kf1 Qh2 49. Ke1 Qg1# 0-1

[Event "CYCC U18"]
[Site "Vancouver CAN"]
[Date "2012.07.04"]
[Round "3"]
[White "Zheng, Timothy"]
[Black "Lee, Melissa"]
[Result "0-1"]
[WhiteElo "1431"]
[BlackElo "1586"]
[PlyCount "106"]
[GameId "2160767909509010"]
[EventDate "2012.07.03"]
[EventType "tourn"]
[EventRounds "7"]
[EventCountry "CAN"]
[SourceTitle "EXT 2022"]
[Source "ChessBase"]
[SourceDate "2021.10.06"]
[SourceVersion "1"]
[SourceVersionDate "2021.10.06"]
[SourceQuality "1"]

1. d4 Nf6 2. Nc3 g6 3. e3 Bg7 4. g3 d6 5. h3 O-O 6. Bc4 Nbd7 7. Nf3 c5 8. Bd2 a6 9. Bd3 b5 10. b3 Bb7 11. e4 b4 12. d5 bxc3 13. Bxc3 Qc7 14. Ng5 Ne5 15. f4 Nxd3+ 16. Qxd3 h6 17. Nf3 e6 18. O-O-O exd5 19. exd5 Rac8 20. Bxf6 Bxf6 21. h4 c4 22. bxc4 Qxc4 23. Qxc4 Rxc4 24. h5 Kg7 25. Nh4 Bxh4 26. Rxh4 Rc5 27. f5 Rxd5 28. Rxd5 Bxd5 29. fxg6 fxg6 30. hxg6 Kxg6 31. Rg4+ Kh7 32. Ra4 Bb7 33. Rc4 Rg8 34. Rc7+ Rg7 35. Rxg7+ Kxg7 36. Kd2 Bf3 37. Ke3 Bg4 38. Kd4 Kf6 39. c4 h5 40. Ke3 Ke6 41. Kd4 Kd7 42. c5 Kc6 43. cxd6 Kxd6 44. Kc3 Kd5 45. Kd3 Bd7 46. a3 Bf5+ 47. Kc3 Ke4 48. Kb4 Bg4 49. Ka5 Be2 50. Kb4 Bg4 51. Ka5 Be2 52. Kb4 Kf3 53. a4 Kxg3 0-1